Historia de la literatura del Qosqo : (Record no. 193)

000 -CABECERA
fixed length control field 01165nam a22002297a 4500
003 - IDENTIFICADOR DEL NÚMERO DE CONTROL
control field AR-CdUCM
008 - DATOS DE LONGITUD FIJA--INFORMACIÓN GENERAL
fixed length control field 190222b ||||| |||| 00| 0 spa d
040 ## - FUENTE DE LA CATALOGACIÓN
Agencia/entidad que catalogó originalmente la obra MUNICIPALIDAD PROVINCIAL DEL CUSCO
Entidad que transcribió la catalogación BIBLIOTECA MUNICIPAL DEL CUSCO
082 ## - NÚMERO DE LA CLASIFICACIÓN DECIMAL DEWEY
No. de Clasificación 869.56 /
Notacion interna A91
100 ## - ENTRADA PRINCIPAL--NOMBRE DE PERSONA
Nombre Personal Avendaño, Angel
110 ## - ENTRADA PRINCIPAL--NOMBRE DE ENTIDAD CORPORATIVA
Nombre de la institución, jurisdicción como entrada principal Municipalidad del Cusco.
9 (RLIN) 876
245 ## - MENCIÓN DE TÍTULO
Título Historia de la literatura del Qosqo :
Resto del título Del tiempo mítico al siglo XX /
260 ## - PUBLICACIÓN, DISTRIBUCIÓN, ETC.
Lugar de publicación, distribución, etc. Cusco :
Nombre de la editorial, distribuidor, etc. Municipalidad del Qosco,
Fecha de publicación, distribución, etc. 1993.
300 ## - DESCRIPCIÓN FÍSICA
Nº de Páginas Extensión 293-715 páginas ;
Dimensiones 27 cm.
505 ## - NOTA DE CONTENIDO CON FORMATO
Nota de contenido formateada Retorno a las arcillas: Literatura del siglo XX en el Qosqo -- Luis E. Valcarcel: su despertar Qosqoruna -- José Gabriel Cosio: La leyenda del sabio -- Alberto Delgado: ¿Tardios modernistas...? -- Eustaquio Kallata: Entre el dicterio y la crítica ...
505 ## - NOTA DE CONTENIDO CON FORMATO
Nota de contenido formateada Tomo 3 : Molina, Cristóbal de (el cusqueño) 1529-1585 -- Inca Garcilaso de la Vega 1539-1616 -- Juan Espinoza Medrano 1632-1688 -- Colonia, mujeres y ciencias -- Matto de Turner, Clorinda 1852-1909...
650 ## - PUNTO DE ACCESO ADICIONAL DE MATERIA--TÉRMINO DE MATERIA
Descriptor Historia.
9 (RLIN) 136
650 ## - PUNTO DE ACCESO ADICIONAL DE MATERIA--TÉRMINO DE MATERIA
Descriptor Literatura cusqueña.
9 (RLIN) 164
650 ## - PUNTO DE ACCESO ADICIONAL DE MATERIA--TÉRMINO DE MATERIA
Descriptor Poesía.
9 (RLIN) 139
942 ## - ELEMENTOS DE PUNTO DE ACCESO ADICIONAL (KOHA)
Fuente de clasificación
Tipo de item Libros-BMC
945 ## - PROCESAMIENTO DE INFORMACIÓN LOCAL (OCLC)
Catalogador mvr
AAAA-MM-DD - Fecha de ingreso o modificacion 2019-02-22
Holdings
Estado de retiro (separado) Fuente de clasificación o esquema de estanterías Estado dañado Ubicación Sala donde se ubica Nombre de la colección Fecha de adquisición o compra Costo, precio normal en soles Signatura topográfica Código de Barras Última vez visto (Koha) Tipo de ítem (Koha)
No     Sala Humanidades Sala Humanidades Book Cart 2019-02-22 40.00 086.869 / AV91 / t.2 / e.5 SH0000000286 2019-02-22 Libros-BMC
No     Sala Humanidades Sala Humanidades Book Cart 2019-02-23 40.00 086.869 / AV91 / t.1 SH0000000502 2019-02-23 Libros-BMC
No     Sala Humanidades Sala Humanidades Book Cart 2019-02-23 40.00 086.869 / AV91 / t.2 / e.3 SH0000000510 2019-02-23 Libros-BMC
No     Sala Humanidades Sala Humanidades Book Cart 2019-02-23 40.00 086.869 / AV91 / t.2 / e.2 SH0000000512 2019-02-23 Libros-BMC
No     Sala Humanidades Sala Humanidades Book Cart 2019-02-25 40.00 086.869 / AV91 / t.1 / e.3 SH0000001048 2019-02-25 Libros-BMC
No     Sala Humanidades Sala Humanidades Book Cart 2019-02-22 40.00 086.869 / AV91 / t.3 / e.3 SH0000002374 2019-02-28 Libros-BMC
No     Sala Humanidades Sala Humanidades Book Cart 2019-02-22 40.00 086.869 / AV91 / t.3 / e.4 SH0000002375 2019-02-28 Libros-BMC
No     Sala Humanidades Sala Humanidades Book Cart 2019-07-25   086.869 / AV91 / t.3 SH0000014007 2019-07-25 Libros-BMC

Powered by Koha